[Event "Sligo Chess and Culture Festival Championship 2026"]
[Site "Enniscrone IRL"]
[Date "2026.02.01"]
[Round "4.3"]
[White "Moore, Samuel"]
[Black "Mariya Boby, Angel"]
[Result "0-1"]
[WhiteElo "1695"]
[BlackElo "1665"]
[WhiteICU "1806"]
[BlackICU "1730"]
[WhiteClub "N.I.C.S."]
[WhiteNationality "IRL"]
[BlackNationality "IRL"]
[WhiteFideId "2507110"]
[BlackFideId "2535564"]
[PlyCount "62"]
[ChessResultsKey "1241835"]
[EventSection "3/5"]
[Venue "Diamond Coast Hotel"]
[EventDate "2026.01.30"]

{ Event information: <a
href="https://www.irlchess.com/sligo-cship2026_allfiles/pairings_sligo-cship2026.html">Tournament
report</a>. }

1. e4 c5 2. Nf3 Nc6 3. d4 cxd4 4. Nxd4 g6 5. Be3 Bg7 6. Nc3 Nf6 7. Bc4 O-O
8. Bb3 d6 9. h3 Nd7 10. O-O Nb6 11. f4 Na5 12. f5 Nbc4 13. Bf2 a6 14. fxg6
hxg6 15. Rb1 e6 16. Qd3 b5 17. Rfd1 Bb7 18. Bxc4 Nxc4 19. b3 Ne5 20. Qe2
Rc8 21. Qd2 Qc7 22. Nce2 Bxe4 23. Rbc1 Rfd8 24. Nf4 Rd7 25. Qe3 d5 26. Qg3
Nc6 27. Nxc6 Qxc6 28. Nd3 Qc7 29. Qe3 Kh7 30. Bg3 Qc3 31. Bf4 Bd4 0-1

[Event "Sligo Chess and Culture Festival Championship 2026"]
[Site "Enniscrone IRL"]
[Date "2026.02.01"]
[Round "4.4"]
[White "O'Neill, Matthew"]
[Black "Ranade, Akshay"]
[Result "1-0"]
[WhiteElo "1744"]
[BlackElo "1716"]
[WhiteICU "1798"]
[BlackICU "1800"]
[WhiteClub "Cork"]
[BlackClub "Cork"]
[WhiteNationality "IRL"]
[BlackNationality "IRL"]
[WhiteFideId "2528533"]
[BlackFideId "2515270"]
[PlyCount "102"]
[ChessResultsKey "1241835"]
[EventSection "3/5"]
[Venue "Diamond Coast Hotel"]
[EventDate "2026.01.30"]

{ Event information: <a
href="https://www.irlchess.com/sligo-cship2026_allfiles/pairings_sligo-cship2026.html">Tournament
report</a>. }

1. e4 c6 2. d4 d5 3. exd5 cxd5 4. c4 e6 5. Nc3 Nf6 6. Nf3 Nc6 7. Bg5 Be7 8.
cxd5 Nxd5 9. Bxe7 Ndxe7 10. Bd3 O-O 11. h4 Nf5 12. Ne2 Qa5+ 13. Qd2 Qb6 14.
g4 Nh6 15. a3 Nxg4 16. Rg1 e5 17. O-O-O Nxd4 18. Nexd4 exd4 19. Nxd4 Rd8
20. f3 Ne5 21. Qe3 Nxd3+ 22. Rxd3 Qf6 23. h5 b6 24. Qe4 Bd7 25. Kb1 Rac8
26. h6 g6 27. f4 Re8 28. Qf3 Rc7 29. f5 Rc5 30. fxg6 Qxf3 31. gxh7+ Kxh7
32. Rxf3 Kxh6 33. Rxf7 Rd8 34. Rf6+ Kh7 35. Rd6 Rc6 36. Rgg6 Rc4 37. Rgf6
Rxd4 38. Rxd4 Bf5+ 39. Rxf5 Rxd4 40. Rf7+ Kg6 41. Rxa7 Rc4 42. Ra6 Rc6 43.
a4 Kf5 44. a5 Rc5 45. b4 Rb5 46. Rxb6 Rd5 47. a6 Rd8 48. a7 Ra8 49. Rb7 Ke6
50. b5 Kd6 51. b6 Kd5 1-0

[Event "Sligo Chess and Culture Festival Championship 2026"]
[Site "Enniscrone IRL"]
[Date "2026.02.01"]
[Round "4.5"]
[White "Wieczorek, Jarek"]
[Black "O'Connell, Denis"]
[Result "0-1"]
[WhiteElo "1744"]
[BlackElo "1715"]
[WhiteICU "1755"]
[BlackICU "1796"]
[WhiteClub "Galway"]
[BlackClub "Cork"]
[WhiteNationality "IRL"]
[BlackNationality "IRL"]
[WhiteFideId "2528223"]
[BlackFideId "2505860"]
[PlyCount "74"]
[ChessResultsKey "1241835"]
[EventSection "3/5"]
[Venue "Diamond Coast Hotel"]
[EventDate "2026.01.30"]

{ Event information: <a
href="https://www.irlchess.com/sligo-cship2026_allfiles/pairings_sligo-cship2026.html">Tournament
report</a>. }

1. Nf3 d5 2. b3 Nf6 3. Bb2 e6 4. d3 Be7 5. g3 O-O 6. Nbd2 b6 7. Bg2 Bb7 8.
O-O Nbd7 9. Re1 c5 10. c4 Re8 11. d4 Rc8 12. e4 dxe4 13. Ng5 cxd4 14. Bxd4
Qc7 15. Ngxe4 e5 16. Bb2 Ba8 17. Qe2 Nxe4 18. Nxe4 f5 19. Nc3 Bxg2 20. Kxg2
Qc6+ 21. Kg1 e4 22. Nd5 Bf6 23. Rad1 Bxb2 24. Qxb2 Ne5 25. Re3 Nf3+ 26. Kg2
Qh6 27. h3 Qg5 28. Nf4 Rc6 29. Rd7 Rd8 30. Rd5 Rcd6 31. Qa3 Qf6 32. Qc1 g5
33. Nh5 Qf7 34. Rxd6 Rxd6 35. g4 fxg4 36. hxg4 Rd2 37. Kg3 Qc7+ 0-1

[Event "Sligo Chess and Culture Festival Championship 2026"]
[Site "Enniscrone IRL"]
[Date "2026.02.01"]
[Round "4.6"]
[White "Thomas, Kevin"]
[Black "O'Hanlon, Joe"]
[Result "0-1"]
[WhiteElo "1737"]
[BlackElo "1692"]
[BlackICU "1732"]
[BlackClub "Dundalk"]
[WhiteNationality "WLS"]
[BlackNationality "IRL"]
[WhiteFideId "1800647"]
[BlackFideId "2512157"]
[PlyCount "81"]
[ChessResultsKey "1241835"]
[EventSection "3/5"]
[Venue "Diamond Coast Hotel"]
[EventDate "2026.01.30"]

{ Event information: <a
href="https://www.irlchess.com/sligo-cship2026_allfiles/pairings_sligo-cship2026.html">Tournament
report</a>. }

1. e4 e6 2. d3 d5 3. Nd2 Nf6 4. Ngf3 Nc6 5. e5 Nd7 6. d4 f5 7. exf6 Nxf6 8.
Bd3 Nb4 9. Be2 c5 10. O-O Bd6 11. Bb5+ Bd7 12. Bxd7+ Qxd7 13. Ne5 Bxe5 14.
dxe5 Ng8 15. a3 Nc6 16. f4 O-O-O 17. b4 c4 18. b5 Nd4 19. a4 Ne7 20. Ba3
Ndf5 21. Re1 h5 22. Bc5 Kb8 23. Qe2 Qc7 24. Bf2 h4 25. Reb1 Qd7 26. Nf3 Rc8
27. Qe1 Qd8 28. Ng5 Qd7 29. Qa5 d4 30. c3 Rhd8 31. cxd4 Nxd4 32. Nf7 Rf8
33. Nd6 b6 34. Qa6 Nef5 35. Nxc8 Qxc8 36. Qxc8+ Rxc8 37. a5 c3 38. axb6
axb6 39. Kf1 c2 40. Rc1 Nb3 41. Rab1 0-1

[Event "Sligo Chess and Culture Festival Championship 2026"]
[Site "Enniscrone IRL"]
[Date "2026.02.01"]
[Round "4.7"]
[White "Nolan, Cal"]
[Black "Marshall, Roy"]
[Result "0-1"]
[WhiteElo "1680"]
[BlackElo "1733"]
[WhiteICU "1684"]
[BlackICU "1763"]
[WhiteClub "St. Benildus"]
[BlackClub "Ennis"]
[WhiteNationality "IRL"]
[BlackNationality "IRL"]
[WhiteFideId "2512980"]
[BlackFideId "2519178"]
[PlyCount "71"]
[ChessResultsKey "1241835"]
[EventSection "3/5"]
[Venue "Diamond Coast Hotel"]
[EventDate "2026.01.30"]

{ Event information: <a
href="https://www.irlchess.com/sligo-cship2026_allfiles/pairings_sligo-cship2026.html">Tournament
report</a>. }

1. e4 d6 2. d4 Nf6 3. Bd3 e5 4. dxe5 dxe5 5. Nc3 g6 6. Bg5 c6 7. h3 Nbd7 8.
Nf3 Bg7 9. Qd2 O-O 10. O-O-O b5 11. Bh6 Qc7 12. g4 Nb6 13. Bxg7 Kxg7 14.
Qg5 Nfd7 15. h4 h6 16. Qe3 b4 17. Ne2 c5 18. c3 c4 19. Bc2 a5 20. Nd2 Nc5
21. Rdg1 Be6 22. f4 b3 23. axb3 cxb3 24. f5 bxc2 25. fxe6 Nxe6 26. Kxc2 a4
27. Ra1 Rfb8 28. g5 h5 29. Qf2 Nc4 30. Rhb1 Nxd2 31. Kxd2 Qc4 32. Qf3 Nc5
33. Kc2 Qb3+ 34. Kd2 Qc4 35. Kc2 Rd8 36. Ra3 0-1

[Event "Sligo Chess and Culture Festival Championship 2026"]
[Site "Enniscrone IRL"]
[Date "2026.02.01"]
[Round "4.8"]
[White "McClatchey, Rob"]
[Black "Crowe, John"]
[Result "1/2-1/2"]
[WhiteElo "1731"]
[BlackElo "1670"]
[BlackICU "1686"]
[BlackClub "Lucan"]
[WhiteNationality "ENG"]
[BlackNationality "IRL"]
[WhiteFideId "479217"]
[BlackFideId "2529513"]
[PlyCount "62"]
[ChessResultsKey "1241835"]
[EventSection "3/5"]
[Venue "Diamond Coast Hotel"]
[EventDate "2026.01.30"]

{ Event information: <a
href="https://www.irlchess.com/sligo-cship2026_allfiles/pairings_sligo-cship2026.html">Tournament
report</a>. }

1. d4 Nf6 2. Nf3 e6 3. e3 d5 4. Bd3 c5 5. b3 Nc6 6. O-O Bd6 7. Bb2 O-O 8.
Nbd2 Re8 9. Ne5 Qc7 10. Nxc6 bxc6 11. dxc5 Bxh2+ 12. Kh1 Be5 13. Bxe5 Qxe5
14. c4 a5 15. Kg1 Ba6 16. Qe2 Nd7 17. Nf3 Qf6 18. cxd5 Bxd3 19. Qxd3 exd5
20. Rac1 Ne5 21. Nxe5 Rxe5 22. Rc2 Rh5 23. f3 Re8 24. e4 Qf4 25. Re2 Qh2+
26. Kf2 Qh4+ 27. Kg1 h6 28. exd5 Rxe2 29. Qxe2 Qd4+ 30. Qf2 Qxd5 31. Rc1
Qd6 1/2-1/2

[Event "Sligo Chess and Culture Festival Championship 2026"]
[Site "Enniscrone IRL"]
[Date "2026.02.01"]
[Round "4.11"]
[White "Bermingham, Adam D."]
[Black "Foran, Barry"]
[Result "0-1"]
[WhiteElo "1653"]
[BlackElo "1711"]
[WhiteICU "1661"]
[BlackICU "1708"]
[WhiteClub "Knights of Eanna"]
[BlackClub "Cork"]
[WhiteNationality "IRL"]
[BlackNationality "IRL"]
[WhiteFideId "2527197"]
[BlackFideId "2508230"]
[PlyCount "104"]
[ChessResultsKey "1241835"]
[EventSection "3/5"]
[Venue "Diamond Coast Hotel"]
[EventDate "2026.01.30"]

{ Event information: <a
href="https://www.irlchess.com/sligo-cship2026_allfiles/pairings_sligo-cship2026.html">Tournament
report</a>. }

1. d4 c6 2. c4 d5 3. Nf3 Nf6 4. g3 Bg4 5. Ne5 Bh5 6. Qb3 Qc8 7. Nc3 e6 8.
Bg2 Nbd7 9. Bf4 Nxe5 10. Bxe5 Bg6 11. f3 Qd7 12. c5 Be7 13. O-O O-O 14.
Rae1 Rfd8 15. Nd1 h6 16. Nf2 Bh7 17. g4 Ne8 18. Bg3 Bf6 19. e3 a5 20. a4
Qe7 21. Nd3 g5 22. Qd1 Nc7 23. Bd6 Qd7 24. f4 Bxd3 25. Qxd3 Be7 26. Be5 f5
27. gxf5 exf5 28. Bxc7 Qxc7 29. Qxf5 Kg7 30. Qg4 Rf8 31. f5 Bf6 32. Rf3 Qf7
33. Rh3 Rae8 34. Bf3 Re7 35. Qg3 Qe8 36. Bh5 Qd7 37. Bg6 Re4 38. Qf2 Qe7
39. Rd1 Rd8 40. Qd2 Qc7 41. Kh1 Rd7 42. Qe2 Rde7 43. Qh5 Rh4 44. Rxh4 gxh4
45. Be8 Kf8 46. Bg6 Bg5 47. Re1 Rxe3 48. Rxe3 Bxe3 49. Qxh4 Qe7 50. Qh3
Qe4+ 51. Qg2 Qb1+ 52. Qf1 Qxf1# 0-1

[Event "Sligo Chess and Culture Festival Championship 2026"]
[Site "Enniscrone IRL"]
[Date "2026.02.01"]
[Round "4.14"]
[White "Chan, Karina"]
[Black "Keane, Colm"]
[Result "1-0"]
[WhiteElo "1642"]
[BlackElo "1738"]
[WhiteICU "1611"]
[BlackICU "1684"]
[BlackClub "Limerick"]
[WhiteNationality "ENG"]
[BlackNationality "IRL"]
[WhiteFideId "426903"]
[BlackFideId "2531259"]
[PlyCount "82"]
[ChessResultsKey "1241835"]
[EventSection "3/5"]
[Venue "Diamond Coast Hotel"]
[EventDate "2026.01.30"]

{ Event information: <a
href="https://www.irlchess.com/sligo-cship2026_allfiles/pairings_sligo-cship2026.html">Tournament
report</a>. }

1. d4 Nf6 2. c4 g6 3. Nc3 d5 4. Nf3 Bg7 5. Bg5 c6 6. e3 Qa5 7. Bxf6 Bxf6 8.
a3 Nd7 9. b4 Qc7 10. cxd5 Nb6 11. Rc1 Bd7 12. Be2 Qd8 13. dxc6 Bxc6 14. b5
Bd7 15. O-O Rc8 16. Ne4 Nd5 17. Bc4 Rxc4 18. Rxc4 Bxb5 19. Rc5 Bxf1 20.
Qxf1 a6 21. Qc4 Nb6 22. Nxf6+ exf6 23. Qb3 O-O 24. a4 Nd7 25. Rc1 Qb8 26.
Nd2 b5 27. axb5 Qxb5 28. Qxb5 axb5 29. Rb1 Rb8 30. Rb4 Kf8 31. Kf1 Ke7 32.
Ne4 Ke6 33. Nc3 Rc8 34. Nxb5 Rb8 35. Nc7+ Kd6 36. Rxb8 Kxc7 37. Rh8 h5 38.
Rh7 Kd6 39. Rxf7 Ke6 40. Rg7 g5 41. e4 h4 1-0

[Event "Sligo Chess and Culture Festival Championship 2026"]
[Site "Enniscrone IRL"]
[Date "2026.02.01"]
[Round "4.15"]
[White "Foenander, Phillip"]
[Black "Palihawadana, Aken Pinitha"]
[Result "1-0"]
[WhiteElo "1690"]
[BlackElo "1623"]
[WhiteICU "1692"]
[BlackICU "1714"]
[WhiteClub "Limerick"]
[BlackClub "Raharney"]
[WhiteNationality "IRL"]
[BlackNationality "IRL"]
[WhiteFideId "2505444"]
[BlackFideId "29982847"]
[PlyCount "113"]
[ChessResultsKey "1241835"]
[EventSection "3/5"]
[Venue "Diamond Coast Hotel"]
[EventDate "2026.01.30"]

{ Event information: <a
href="https://www.irlchess.com/sligo-cship2026_allfiles/pairings_sligo-cship2026.html">Tournament
report</a>. }

1. Nf3 e6 2. g3 d5 3. d4 Nf6 4. Bg2 Be7 5. O-O c6 6. c4 Nbd7 7. Nc3 O-O 8.
Bf4 Nh5 9. Bd2 Nhf6 10. Re1 Re8 11. e4 dxe4 12. Ng5 h6 13. Ngxe4 Nxe4 14.
Nxe4 Nf6 15. Bc3 Bd7 16. Qd2 Nxe4 17. Bxe4 Bf6 18. Rad1 Qc7 19. Qd3 Rad8
20. Qf3 Bc8 21. Rd3 Be7 22. Qh5 Bf6 23. Red1 a6 24. h4 b6 25. Qf3 Bb7 26.
d5 Bxc3 27. d6 Qb8 28. bxc3 Qa8 29. d7 Re7 30. Rd6 b5 31. cxb5 axb5 32.
R1d2 f5 33. Bxc6 Bxc6 34. Qxc6 Qxc6 35. Rxc6 Rdxd7 36. Rxd7 Rxd7 37. Rxe6
Ra7 38. Re5 Rxa2 39. Rxb5 Rc2 40. Rc5 g6 41. Rc7 h5 42. Kg2 Kh8 43. Kf3 Kg8
44. Ke3 Kh8 45. c4 Kg8 46. f3 Rc3+ 47. Kf4 Kh8 48. c5 Kg8 49. c6 Kh8 50.
Kg5 Rxf3 51. Rd7 Rxg3+ 52. Kh6 Kg8 53. c7 Rc3 54. Rd8+ Kf7 55. c8=Q Rxc8
56. Rxc8 f4 57. Rc4 1-0

[Event "Sligo Chess and Culture Festival Championship 2026"]
[Site "Enniscrone IRL"]
[Date "2026.02.01"]
[Round "4.16"]
[White "Sloan, Cecil"]
[Black "Grant, Cian"]
[Result "1/2-1/2"]
[WhiteElo "1615"]
[BlackElo "1686"]
[WhiteICU "1801"]
[BlackICU "1715"]
[WhiteNationality "USA"]
[BlackNationality "IRL"]
[WhiteFideId "2036738"]
[BlackFideId "2516837"]
[PlyCount "78"]
[ChessResultsKey "1241835"]
[EventSection "3/5"]
[Venue "Diamond Coast Hotel"]
[EventDate "2026.01.30"]

{ Event information: <a
href="https://www.irlchess.com/sligo-cship2026_allfiles/pairings_sligo-cship2026.html">Tournament
report</a>. }

1. e4 c6 2. d4 d5 3. exd5 cxd5 4. Bd3 Nc6 5. c3 Nf6 6. Bf4 e6 7. Nf3 Be7 8.
O-O O-O 9. Nbd2 a6 10. Qe2 Re8 11. Ne5 Nd7 12. Bxh7+ Kf8 13. Nxf7 Kxf7 14.
Qh5+ Kf8 15. Bg6 Nf6 16. Qh8+ Ng8 17. Nf3 Bf6 18. Ne5 Bxe5 19. dxe5 Bd7 20.
Rae1 Ne7 21. Bxe8 Qxe8 22. Qh3 Qf7 23. Re3 Ke8 24. Rf3 Bb5 25. Re1 Kd7 26.
Be3 Nf5 27. Qg4 Ngh6 28. Qb4 Rg8 29. a4 Bc6 30. Rd1 Qh5 31. Re1 g5 32. Rh3
Qg6 33. g4 Nh4 34. Qd6+ Ke8 35. Bc5 Qf7 36. Qb8+ Kd7 37. Qd6+ Ke8 38. Qb8+
Kd7 39. Qd6+ Ke8 1/2-1/2

[Event "Sligo Chess and Culture Festival Championship 2026"]
[Site "Enniscrone IRL"]
[Date "2026.02.01"]
[Round "4.19"]
[White "McDonnell, Joe"]
[Black "Bun, Oleh"]
[Result "0-1"]
[WhiteElo "1601"]
[BlackElo "1655"]
[WhiteICU "1712"]
[WhiteClub "Castlebar"]
[WhiteNationality "IRL"]
[BlackNationality "UKR"]
[WhiteFideId "2507277"]
[BlackFideId "34161910"]
[PlyCount "48"]
[ChessResultsKey "1241835"]
[EventSection "3/5"]
[Venue "Diamond Coast Hotel"]
[EventDate "2026.01.30"]

{ Event information: <a
href="https://www.irlchess.com/sligo-cship2026_allfiles/pairings_sligo-cship2026.html">Tournament
report</a>. }

1. e4 c5 2. Nf3 Nc6 3. g3 e6 4. d3 d5 5. Nbd2 Nge7 6. Bg2 Ng6 7. O-O h5 8.
Re1 h4 9. exd5 hxg3 10. hxg3 Qxd5 11. Ne5 Qd6 12. Ndc4 Qc7 13. Nxg6 fxg6
14. Qg4 Qf7 15. Be4 Kd8 16. Bxg6 Qg8 17. Bg5+ Be7 18. Nd6 e5 19. Nxc8 Rxc8
20. Bxe7+ Kxe7 21. Qg5+ Kd6 22. Be4 Re8 23. c4 Nd4 24. Bg6 Nf3+ 0-1

[Event "Sligo Chess and Culture Festival Championship 2026"]
[Site "Enniscrone IRL"]
[Date "2026.02.01"]
[Round "4.20"]
[White "O'Hara, Austin"]
[Black "Venskus, Dominykas"]
[Result "1-0"]
[WhiteElo "1650"]
[BlackElo "1721"]
[BlackICU "1761"]
[BlackClub "Drogheda"]
[WhiteNationality "IRL"]
[BlackNationality "IRL"]
[WhiteFideId "2523825"]
[BlackFideId "2536374"]
[PlyCount "139"]
[ChessResultsKey "1241835"]
[EventSection "3/5"]
[Venue "Diamond Coast Hotel"]
[EventDate "2026.01.30"]

{ Event information: <a
href="https://www.irlchess.com/sligo-cship2026_allfiles/pairings_sligo-cship2026.html">Tournament
report</a>. }

1. e4 c6 2. d4 d5 3. Nc3 dxe4 4. Nxe4 Nf6 5. Nxf6+ exf6 6. Be3 Bd6 7. Bd3
O-O 8. Ne2 Na6 9. a3 Re8 10. O-O Nc7 11. c4 b5 12. c5 Bf8 13. Qc2 h6 14.
Be4 Nd5 15. Bd2 Bf5 16. Bxf5 Rxe2 17. Qd3 Re8 18. b4 g6 19. Be4 f5 20. Bf3
Bg7 21. Rfe1 Qd7 22. Red1 Rad8 23. a4 a6 24. axb5 axb5 25. Ra6 Qc7 26. Rda1
Ne7 27. Bc3 Nd5 28. Bd2 Nxb4 29. Bxb4 Rxd4 30. Qb3 Rxb4 31. Qxb4 Bxa1 32.
Rxa1 Re5 33. Re1 h5 34. g3 h4 35. Rxe5 Qxe5 36. gxh4 Qf6 37. Qf4 Qa1+ 38.
Kg2 Qc3 39. Bxc6 Qxc5 40. Qb8+ Kg7 41. Qxb5 Qd4 42. Qa4 Qc5 43. Bf3 Qe5 44.
Qc4 Qb2 45. Bd5 Qf6 46. Kf3 Qe7 47. h3 Qf6 48. Kg3 Qe7 49. Qd4+ Kh7 50. Bc4
Qa3+ 51. Bd3 f4+ 52. Kxf4 Qe7 53. Kg3 Qc7+ 54. Qf4 Qc3 55. Qc4 Qe5+ 56. Kg2
Qf6 57. Qe4 Kg7 58. Qg4 Qc6+ 59. Be4 Qd6 60. h5 f5 61. Bxf5 Kh8 62. hxg6
Qf6 63. h4 Kg7 64. h5 Qe5 65. Qe4 Qf6 66. Qf4 Qc6+ 67. Be4 Qe8 68. h6+ Kg8
69. Bd5+ Kh8 70. Qf6# 1-0

[Event "Sligo Chess and Culture Festival Championship 2026"]
[Site "Enniscrone IRL"]
[Date "2026.02.01"]
[Round "4.21"]
[White "Stacey, Derek"]
[Black "Megadi-Walia, Rohan"]
[Result "1-0"]
[WhiteElo "1609"]
[BlackElo "1624"]
[WhiteICU "1470"]
[WhiteClub "Curragh"]
[WhiteNationality "IRL"]
[BlackNationality "IRL"]
[WhiteFideId "2505266"]
[BlackFideId "2536455"]
[PlyCount "61"]
[ChessResultsKey "1241835"]
[EventSection "3/5"]
[Venue "Diamond Coast Hotel"]
[EventDate "2026.01.30"]

{ Event information: <a
href="https://www.irlchess.com/sligo-cship2026_allfiles/pairings_sligo-cship2026.html">Tournament
report</a>. }

1. e4 e5 2. f4 exf4 3. Nf3 Nc6 4. Bc4 Nf6 5. Nc3 Bb4 6. O-O O-O 7. d4 Bxc3
8. bxc3 Nxe4 9. Qd3 Ng5 10. Bxf4 Ne6 11. Be3 Na5 12. Bb3 b6 13. a4 c5 14.
d5 Nc7 15. c4 d6 16. Qd1 Re8 17. Bd2 Nb7 18. c3 Bg4 19. Bc2 Na5 20. Qb1 g6
21. Bd3 Qd7 22. Qc2 a6 23. Bh6 b5 24. axb5 axb5 25. cxb5 Nxd5 26. c4 Ne3
27. Qb2 f5 28. Rfe1 Nexc4 29. Rxe8+ Rxe8 30. Qc3 Qxb5 31. Qg7# 1-0

[Event "Sligo Chess and Culture Festival Championship 2026"]
[Site "Enniscrone IRL"]
[Date "2026.02.01"]
[Round "5.1"]
[White "White, George"]
[Black "Schwab, Lysander"]
[Result "0-1"]
[WhiteElo "1693"]
[BlackElo "1687"]
[WhiteICU "1801"]
[WhiteClub "Knights of Eanna"]
[WhiteNationality "IRL"]
[BlackNationality "GER"]
[WhiteFideId "2520354"]
[BlackFideId "34618619"]
[PlyCount "91"]
[ChessResultsKey "1241835"]
[EventSection "3/5"]
[Venue "Diamond Coast Hotel"]
[EventDate "2026.01.30"]

{ Event information: <a
href="https://www.irlchess.com/sligo-cship2026_allfiles/pairings_sligo-cship2026.html">Tournament
report</a>. }

1. e4 c5 2. Nf3 d6 3. d4 cxd4 4. Nxd4 Nf6 5. Nc3 g6 6. Be3 Bg7 7. f3 Nc6 8.
Qd2 O-O 9. O-O-O d5 10. exd5 Nxd5 11. Nxc6 bxc6 12. Bd4 Be6 13. Bxg7 Kxg7
14. h4 Qa5 15. Nxd5 Qxd2+ 16. Rxd2 Bxd5 17. Bd3 h5 18. b3 Rfd8 19. Re1 Rd7
20. Be4 Rad8 21. Red1 f5 22. Bxd5 Rxd5 23. c4 Rxd2 24. Rxd2 Rxd2 25. Kxd2
c5 26. a3 a5 27. Kc3 e5 28. b4 cxb4+ 29. axb4 axb4+ 30. Kxb4 Kf7 31. c5 Ke7
32. Kc4 Ke6 33. g3 f4 34. gxf4 exf4 35. Kd3 Kd5 36. c6 Kxc6 37. Ke4 Kd6 38.
Kxf4 Ke6 39. Kg5 Kf7 40. Kh6 Kf6 41. f4 Kf5 42. Kg7 Kxf4 43. Kf6 Kg4 44.
Kxg6 Kxh4 45. Kf5 Kg3 46. Ke5 0-1

[Event "Sligo Chess and Culture Festival Championship 2026"]
[Site "Enniscrone IRL"]
[Date "2026.02.01"]
[Round "5.2"]
[White "Mariya Boby, Angel"]
[Black "O'Neill, Matthew"]
[Result "1/2-1/2"]
[WhiteElo "1665"]
[BlackElo "1744"]
[WhiteICU "1730"]
[BlackICU "1798"]
[BlackClub "Cork"]
[WhiteNationality "IRL"]
[BlackNationality "IRL"]
[WhiteFideId "2535564"]
[BlackFideId "2528533"]
[PlyCount "148"]
[ChessResultsKey "1241835"]
[EventSection "3/5"]
[Venue "Diamond Coast Hotel"]
[EventDate "2026.01.30"]

{ Event information: <a
href="https://www.irlchess.com/sligo-cship2026_allfiles/pairings_sligo-cship2026.html">Tournament
report</a>. }

1. e4 c5 2. Nf3 Nc6 3. d4 cxd4 4. Nxd4 Nf6 5. Nc3 e5 6. Ndb5 d6 7. Na3 a6
8. f3 b5 9. Nd5 Be7 10. Be3 Rb8 11. c4 Be6 12. cxb5 Bxd5 13. exd5 Nb4 14.
Bc4 Qa5 15. Bd2 axb5 16. Bb3 e4 17. Bc2 e3 18. Bc3 Nxc2+ 19. Nxc2 b4 20.
Nxb4 Rxb4 21. a3 Qxd5 22. Qxd5 Nxd5 23. axb4 Kd7 24. Ke2 Rc8 25. Rhc1 Rc4
26. Kf1 g6 27. g3 Nxb4 28. Bxb4 Rxb4 29. Re1 Rb3 30. Ra3 Rb7 31. Raxe3 Bf6
32. b3 d5 33. Rd3 Kd6 34. f4 h5 35. Red1 Rb5 36. Kg2 h4 37. g4 g5 38. Rf3
Rb4 39. fxg5 Bxg5 40. Rf5 f6 41. Rfxd5+ Ke6 42. h3 Rxb3 43. R5d3 Rb2+ 44.
Kf3 Rh2 45. Ke4 Rf2 46. Rd6+ Kf7 47. Rd7+ Kg6 48. Rb1 f5+ 49. gxf5+ Rxf5
50. Rbb7 Rf4+ 51. Kd5 Bf6 52. Rb6 Kg5 53. Rdd6 Rf3 54. Ke6 Rxh3 55. Kf7 Be5
56. Rg6+ Kf5 57. Rh6 Bf4 58. Rhf6+ Kg4 59. Rg6+ Kf3 60. Rb3+ Be3 61. Rf6+
Kg2 62. Rb2+ Kh1 63. Re2 Rg3 64. Rf5 h3 65. Rh5 Bg1 66. Kf6 Rf3+ 67. Kg5
Bd4 68. Kg4 Rf8 69. Rxh3+ Kg1 70. Rd3 Rg8+ 71. Kf5 Bf2 72. Rd1+ Kg2 73.
Rdd2 Rf8+ 74. Kg6 Rf3 1/2-1/2